| 000 | 00713nam a2200265Ia 4500 | ||
|---|---|---|---|
| 003 | OSt | ||
| 005 | 20220912150110.0 | ||
| 006 | a|||||r|||| 00| 0 | ||
| 007 | ta | ||
| 008 | 220909b |||||||| |||| 00| 0 eng d | ||
| 024 | _a40238 | ||
| 037 | _cTextual | ||
| 040 |
_aCSL _beng _cCSL |
||
| 041 | _aeng | ||
| 082 | _aB217, M5-;2 | ||
| 100 | _aKrishnamurthy V | ||
| 245 | 0 | _aCombinatorics: Theory and applications | |
| 260 |
_aNew Delhi _b Affillated East-West _c1985 |
||
| 300 |
_axxxii,483p. _ccm. |
||
| 500 | _aIncludes bibliography 459-476p | ||
| 650 | _a Combination | ||
| 650 | _aPermutation | ||
| 942 |
_hB217, M5-;2 _cTEXL _2CC |
||
| 999 |
_c39616 _d39616 |
||